Music Quiz

Random Music or Bands Quiz
Score 0/33 Timer 10:00
0 Plays Today
% Correct
5 Years Time
92%
L.I.F.E.G.O.E.S.O.N.
86.2%
The First Days of Spring
75.9%
2 Atoms in a Molecule
71.3%
Peaceful, the World Lays Me Down
71.3%
Blue Skies
67.8%
Love of an Orchestra
60.9%
Jocasta
58.6%
Instrumental I
58.6%
Stranger
58.6%
Instrumental II
58.6%
Life is Life
57.5%
Give a Little Love
56.3%
Tonight's the Kind of Night
56.3%
Shape of My Heart
55.2%
Mary
55.2%
Slow Glass
52.9%
% Correct
Old Joy
51.7%
Give It All Back
49.4%
Rocks and Daggers
48.3%
I Have Nothing
48.3%
My Door Is Always Open
48.3%
Our Window
47.1%
Hold My Hand as I'm Lowered
44.8%
Waiting For My Chance To Come
44.8%
Wild Thing
43.7%
Second Lover
39.1%
My Broken Heart
39.1%
Paradise Stars
37.9%
The Line
37.9%
Do What You Do
36.8%
Just Me Before We Met
34.5%
2 Bodies 1 Heart
27.6%
Remove Ads.
Support Sporcle.
Get the best of Sporcle when you Go Orange. This ad-free experience offers more features, more stats, and more fun while also helping to support Sporcle. Thank you for becoming a member.

You're not logged in!

Compare scores with friends on all Sporcle quizzes.
OR
Log In

Show Comments

Extras

Top Quizzes Today


Score Distribution

Your Account Isn't Verified!

In order to create a playlist on Sporcle, you need to verify the email address you used during registration. Go to your Sporcle Settings to finish the process.

Report this User

Report this user for behavior that violates our Community Guidelines.

Details: